LEADER 01179nam--2200361---450- 001 990005799800203316 005 20130123142153.0 035 $a000579980 035 $aUSA01000579980 035 $a(ALEPH)000579980USA01 035 $a000579980 100 $a20130123d2002----km-y0itay50------ba 101 $aita 102 $aIT 105 $a||||||||001yy 200 1 $a<> casa$ecome si compra e quante tasse si pagano$el'alternativa: l'affitto$ela ristrutturazione e le novita della finanziaria 2002$ele regole del condominio$fa cura di Saverio Fossati 210 $aMilano$cIl sole 24 ore$d2002 215 $a63 p.$d19 cm 225 2 $aGuida famiglia 2002$v2 300 $aSupplemento a: Il Sole 24 ore 410 0$aGuida famiglia 2002$v2 606 0 $aCase$xAcquisti [e] Locazione$xGuide pratiche$2BNCF 676 $a643.12 702 1$aFOSSATI,$bSaverio 801 0$aIT$bsalbc$gISBD 912 $a990005799800203316 951 $aXXXII.MISC. 102$b20521 E.C.$cXXXII.MISC.$d00318614 959 $aBK 969 $aECO 979 $aCHIARA$b90$c20130123$lUSA01$h1357 979 $aCHIARA$b90$c20130123$lUSA01$h1421 996 $aCasa$9314310 997 $aUNISA LEADER 01588oas 2200661 a 450 001 9910136816303321 005 20251106213014.0 011 $a1943-765X 035 $a(DE-599)ZDB2064606-9 035 $a(OCoLC)51164280 035 $a(CONSER) 2008202155 035 $a(CKB)110978979783679 035 $a(EXLCZ)99110978979783679 100 $a20021205a19919999 sy a 101 0 $aeng 135 $aurcn||||||||| 181 $ctxt$2rdacontent 182 $cc$2rdamedia 183 $acr$2rdacarrier 200 00$aAPS bulletin /$fAmerican Pain Society 210 $aSkokie, IL $cAmerican Pain Society 215 $a1 online resource 311 08$a1057-1590 517 3 $aBulletin 531 0 $aAPS bull. 606 $aPain$vPeriodicals 606 $aPain$xTreatment$vPeriodicals 606 $aPain 606 $aPain$2fast$3(OCoLC)fst01050382 606 $aPain$xTreatment$2fast$3(OCoLC)fst01050415 608 $aPeriodicals.$2fast 615 0$aPain 615 0$aPain$xTreatment 615 12$aPain. 615 7$aPain. 615 7$aPain$xTreatment. 676 $a612 712 02$aAmerican Pain Society, 801 0$bOUN 801 1$bOUN 801 2$bOCLCQ 801 2$bDLC 801 2$bOCLCQ 801 2$bOCLCF 801 2$bOCLCO 801 2$bOCLCQ 801 2$bCUS 801 2$bVT2 801 2$bCASUM 801 2$bOCLCO 801 2$bOCLCA 801 2$bOCLCQ 801 2$bOCLCL 801 2$bOCLCQ 906 $aJOURNAL 912 $a9910136816303321 996 $aAPS bulletin$92105384 997 $aUNINA